00313nam a2200109Ia 4500008004100000040001700041041001200058082001800070100001400088245009000102300001100192230917s9999||||xx |||||||||||||| ||und|| e158253aMAIN aEnglish a301.412 R137W aRaj Kumar 0aWomen participation in Panchayati Raj Institutions : A case study of Bhiwani District a186 p.